Catálogo

Obras / (Registro nro. 25360)

Detalles MARC
000 -LEADER
fixed length control field 01414cam a2200373 i 4500
001 - CONTROL NUMBER
control field 25360
003 - CONTROL NUMBER IDENTIFIER
control field Mx-PuUPA
005 - DATE AND TIME OF LATEST TRANSACTION
control field 20260317141223.0
008 - FIXED-LENGTH DATA ELEMENTS--GENERAL INFORMATION
fixed length control field 140415s1976 mx gr 000 0 spa d
040 ## - CATALOGING SOURCE
Original cataloging agency Mx-PuUPA
Language of cataloging spa
Transcribing agency Mx-PuUPA
Modifying agency Mx-PuUPA
Description conventions rda
041 0# - LANGUAGE CODE
Language code of text/sound track or separate title spa
043 ## - GEOGRAPHIC AREA CODE
Geographic area code n-us---
100 1# - MAIN ENTRY--PERSONAL NAME
Personal name Zavala, Lorenzo de,
Dates associated with a name 1788-1836
9 (RLIN) 17855
Relator term autor
245 10 - TITLE STATEMENT
Title Obras /
Statement of responsibility, etc. Lorenzo de Zavala ; prólogo, ordenación y notas de Manuel Gonzáles Ramirez
246 33 - VARYING FORM OF TITLE
Title proper/short title Obras de Lorenzo de Zavala
246 33 - VARYING FORM OF TITLE
Title proper/short title Lorenzo de Zavala :
Remainder of title obras
250 ## - EDITION STATEMENT
Edition statement Primera edición
264 #1 - PRODUCTION, PUBLICATION, DISTRIBUTION, MANUFACTURE, AND COPYRIGHT NOTICE
Place of production, publication, distribution, manufacture México, D.F. :
Name of producer, publisher, distributor, manufacturer Editorial Porrúa,
Date of production, publication, distribution, manufacture, or copyright notice ©1976
300 ## - PHYSICAL DESCRIPTION
Extent 973 páginas ;
Dimensions 24 cm
336 ## - CONTENT TYPE
Fuente rdacontent
Content type term texto
Content type code txt
337 ## - MEDIA TYPE
Source rdamedia
Media type term sin medio
Media type code n
338 ## - CARRIER TYPE
Source rdacarrier
Carrier type term volumen
Carrier type code nc
490 0# - SERIES STATEMENT
Series statement Biblioteca Porrúa ;
Volume/sequential designation 64
505 0# - FORMATTED CONTENTS NOTE
Formatted contents note Viaje a los Estados Unidos del Norte de América ; Noticias sobre la vida y escritos de Zavala por Justo Sierra O'Reilly ; La Cuestión de Texas ; Memorias.
600 14 - SUBJECT ADDED ENTRY--PERSONAL NAME
9 (RLIN) 17855
Personal name Zavala, Lorenzo de,
Dates associated with a name 1788-1836
650 #7 - SUBJECT ADDED ENTRY--TOPICAL TERM
Source of heading or term armarc
Topical term or geographic name entry element Autobiografías
650 #7 - SUBJECT ADDED ENTRY--TOPICAL TERM
Source of heading or term armarc
Topical term or geographic name entry element Autobiografías (obras literarias)
651 #4 - SUBJECT ADDED ENTRY--GEOGRAPHIC NAME
Geographic name Estados Unidos
General subdivision Descripción y viajes
700 1# - ADDED ENTRY--PERSONAL NAME
Personal name González Ramírez, Manuel,
Relator term prologuista
-- editor
-- autor de notas
9 (RLIN) 12493
942 ## - ADDED ENTRY ELEMENTS (KOHA)
Source of classification or shelving scheme Dewey Decimal Classification
Koha item type Libro
Classification part 081
Item part Z34
Existencias
Withdrawn status Lost status Source of classification or shelving scheme Damaged status Not for loan Collection code Home library Current library Shelving location Date acquired Source of acquisition Serial Enumeration / chronology Total Checkouts Full call number Barcode Date last seen Price effective from Koha item type
    Dewey Decimal Classification     General Centro de Estudios Guadalupanos Centro de Estudios Guadalupanos Sala general 03/12/2013 Compra t.3   081 Z34 1976 47244 23/03/2026 03/12/2013 Libro